| 000 | 00595nam a2200181 a 4500 | ||
|---|---|---|---|
| 001 | 000045681 | ||
| 005 | 20201002052402.0 | ||
| 008 | 150424s1994 dr a 000 p spa d | ||
| 040 |
_aDO-SdBNP _bspa _cBNPHU |
||
| 082 |
_axxxx _bxxxx |
||
| 100 | 1 |
_aMartínez, Frank, _d1965- _920617 |
|
| 245 | 1 | 0 |
_aCenizas del ocaso / _cFrank Martínez. |
| 250 | _a2a ed. | ||
| 260 |
_aSanto Domingo : _bCarlos, _c1994. |
||
| 300 |
_a76 p. : _bil. ; _c21 cm. |
||
| 500 | _aPerteneció a la biblioteca personal de Erick Landestoy. | ||
| 500 | _aIncluye datos biográficos del autor en la solapa de la contracubierta | ||
| 999 |
_c45170 _d45170 |
||